000 00412nam a22001217a 4500
008 230316b |||||||| |||| 00| 0 eng d
050 _aGN 657.T5 C64 1960
100 _aColson ,Elizabeth
_937849
245 _aKariba studies;
_bthe social organization of the Gwembe Tonga,
_cElizabeth,Colson
260 _aNew York:
_bManchester University Press,
_c1960.
300 _axxii,
_b234p;
_c22cm,
942 _2lcc
_cMONOGRAPH
999 _c131680
_d131680